| 000 | 00482nam a22001817a 4500 | ||
|---|---|---|---|
| 003 | CEME | ||
| 005 | 20210628202413.0 | ||
| 008 | 210104b xxu||||| |||| 00| 0 eng d | ||
| 020 | _a0194420965 | ||
| 040 | _cceme | ||
| 082 | _a428.2 SWA | ||
| 100 |
_aSwan, Michael _913150 |
||
| 245 | _aPractical english usage, easier, faster reference | ||
| 260 |
_aCANADA _bOXFORD _c2005 |
||
| 300 | _aXXIX, 653P | ||
| 650 |
_aENGLISH USAGE.PRACTICAL ENGLISH USAGE _959774 |
||
| 942 |
_cBK _2ddc |
||
| 999 |
_c569667 _d569667 |
||